| Tag |
First Indicator |
Second Indicator |
Subfields |
| LEADER |
00000nam a2200000 4500 |
| 001 |
in00004196321 |
| 005 |
20200806085048.0 |
| 006 |
m g d |
| 007 |
cr bn |||a|bb| |
| 008 |
981109s1605 enk o 00 eng d |
| 035 |
|
|
|a (UnM)99892957
|
| 037 |
|
|
|a CL2105000002
|b ProQuest Information and Learning. 300 N. Zeeb Rd., Ann Arbor, MI 48106
|
| 040 |
|
|
|a Cu-RivES
|c Cu-RivES
|e dcrb
|
| 100 |
1 |
|
|a Morton, Thomas,
|d 1564-1659.
|
| 245 |
1 |
3 |
|a An exact discoverie of Romish doctrine in the case of conspiracie and rebellion, :
|b by pregnant obseruations: collected (not without direction from our superiours) out of the expresse dogmaticall principles of popish priests and doctors.
|
| 260 |
|
|
|a At London :
|b Imprinted by Felix Kyngston, for C. B[urby]. and E. W[eaver]. and are to be sould in Paules Church-yard at the signe of the Swan,
|c 1605.
|
| 300 |
|
|
|a 1 online resource ([1]+ leaves.
|
| 336 |
|
|
|a text
|b txt
|2 rdacontent
|
| 337 |
|
|
|a computer
|b c
|2 rdamedia
|
| 338 |
|
|
|a online resource
|b cr
|2 rdacarrier
|
| 500 |
|
|
|a Author's and publishers' names from STC.
|
| 500 |
|
|
|a Title page contains printer's device McK. 273.
|
| 500 |
|
|
|a Fragment: t.p. only.
|
| 500 |
|
|
|a Reproduction of original in the British Library.
|
| 510 |
4 |
|
|a STC (2nd edition)
|c 18184
|
| 510 |
4 |
|
|a Early English books tract supplement interim guide
|c Harl. 5927
|
| 533 |
|
|
|a Electronic reproduction.
|b Ann Arbor, Mich. :
|c UMI,
|d 1999-
|f (Early English books online)
|n Digital version of: (Early English books, Tract supplement ; E4:1[47a])
|7 s1999 miun s
|
| 655 |
|
0 |
|a Title pages
|z England
|y 17th century.
|
| 655 |
|
0 |
|a Printers' marks
|z England
|y 17th century.
|
| 610 |
2 |
0 |
|a Catholic Church
|v Controversial literature
|v Early works to 1800.
|
| 650 |
|
0 |
|a Catholics
|z England
|v Early works to 1800.
|
| 830 |
|
0 |
|a Early English books online.
|
| 856 |
4 |
0 |
|u http://proxy.library.tamu.edu/login?url=https://search.proquest.com/docview/2248560491
|z Connect to the full text of this electronic book
|t 0
|
| 999 |
f |
f |
|s 44ffb5ca-0284-3902-9707-c174d80ec8da
|i d31d13e0-81bf-3c2e-b759-384347fa8552
|t 0
|
| 952 |
f |
f |
|a Texas A&M University
|b College Station
|c Electronic Resources
|d Available Online
|t 0
|h No information provided
|
| 998 |
f |
f |
|t 0
|l Available Online
|